000 00292nam a22001337a 4500
008 170526b xxu||||| |||| 00| 0 eng d
020 _a081046327X
041 _aeng
080 _a007.52
100 _a25
101 _aIM
245 _aARTIFICIAL INTELLEGENCE
_cSTEVENS, L
942 _2udc
_cBK
999 _c14405
_d14405